000 00490nam a22001817a 4500
005 20170816110710.0
010 _aENG-119592
020 _c195.00
_a9788126449736
035 _aEN-103124
037 _bDBAD/PUB
082 _aS
100 _aNewton,Joshua
245 _aThe book of peaple:
_cby Joshua Newton
_bten life tales from India /
260 _aKottayam
_bDC Books
_c2014
270 _bKottayam(kerla)
_e686001
300 _a139p. :
_c22cm(pbk)
_bill
942 _2ddc
_cEN
_hS
_mNEW
999 _c143293
_d143293